Logo CIB grande

Elements of ecology (Registro nro. 237571)

Detalles MARC
000 -LEADER
campo de control de longitud fija 00512nam a2200205Ia 4500
005 - FECHA Y HORA DE LA ÚLTIMA TRANSACCIÓN
campo de control 20250425162837.0
008 - DATOS DE LONGITUD FIJA--INFORMACIÓN GENERAL
campo de control de longitud fija 250425s9999 xx 000 0 und d
020 ## - NÚMERO INTERNACIONAL ESTÁNDAR DEL LIBRO
Número Internacional Estándar del Libro 9781292077406
041 ## - CÓDIGO DE IDIOMA
Código de lengua del texto/banda sonora o título independiente eng
082 ## - NÚMERO DE LA CLASIFICACIÓN DECIMAL DEWEY
Número de clasificación 577
Iniciales del Autor SMI
010 ## - NÚMERO DE CONTROL DE LA BIBLIOTECA DEL CONGRESO
Número de control de LC 112421
100 ## - ENTRADA PRINCIPAL--NOMBRE DE PERSONA
Nombre de persona Smith, Thomas M.
245 #0 - MENCIÓN DEL TÍTULO
Título Elements of ecology
Mención de responsabilidad, etc. Thomas M. Smith, Robert Leo Smith
250 ## - MENCION DE EDICION
Mención de edición 9th ed.
260 ## - PUBLICACIÓN, DISTRIBUCIÓN, ETC.
Lugar de publicación, distribución, etc. Harlow
Nombre del editor, distribuidor, etc. Pearson
Fecha de publicación, distribución, etc. 2015
300 ## - DESCRIPCIÓN FÍSICA
Extensión 704 páginas
650 ## - PUNTO DE ACCESO ADICIONAL DE MATERIA--TÉRMINO DE MATERIA
Término de materia o nombre geográfico como elemento de entrada Ecología
700 ## - ENTRADA AGREGADA--NOMBRE PERSONAL
Nombre de persona Smith, Robert Leo
942 ## - ELEMENTOS DE ENTRADA SECUNDARIOS (KOHA)
Tipo de ítem Koha Libros
Existencias
Estatus retirado Estado de pérdida Estado de daño No para préstamo Biblioteca de origen Biblioteca actual Fecha de adquisición Coste, precio normal de compra Etiqueta RFID Total de préstamos Código de barras Visto por última vez Fecha del último préstamo Copia número Tipo de ítem Koha
        CENTRO DE INFORMACIÓN BIBLIOTECARIA CENTRO DE INFORMACIÓN BIBLIOTECARIA 18/10/2022 198.00 0000000000000000035882 1 80808 01/12/2025 19/11/2025 1 Libros

Copyright 2025 ESPOL. Todos los derechos reservados.